High temperature differential scanning calorimetry (DSC) for the determination of blend ratio in the chlorine containing elastomer blends (Record no. 60410)

MARC details
000 -LEADER
fixed length control field 00579nam a2200169Ia 4500
100 ## - MAIN ENTRY--AUTHOR NAME
Personal name Tripathy A R
245 #0 - TITLE STATEMENT
Title High temperature differential scanning calorimetry (DSC) for the determination of blend ratio in the chlorine containing elastomer blends
260 ## - PUBLICATION, DISTRIBUTION, ETC. (IMPRINT)
Name of publisher Papers presented at the IRMRA 18th Rubber Conference, Mumbai, January 20-21, 2000. p175-187
650 ## - SUBJECT ADDED ENTRY--TOPICAL TERM
Topical Term Blend ratio
650 ## - SUBJECT ADDED ENTRY--TOPICAL TERM
Topical Term DSC
650 ## - SUBJECT ADDED ENTRY--TOPICAL TERM
Topical Term Elastomer blends
700 ## - ADDED ENTRY--PERSONAL NAME
Personal name Banerji M S
700 ## - ADDED ENTRY--PERSONAL NAME
Personal name Patra P K
700 ## - ADDED ENTRY--PERSONAL NAME
Personal name Sinha J K
942 ## - ADDED ENTRY ELEMENTS (KOHA)
Koha item type Journals
Holdings
Withdrawn status Lost status Damaged status Not for loan Home library Current library Shelving location Date acquired Koha item type
      Journals RRII Library RRII Library Rubber chemistry 17/12/2021 Journals